Sports Quiz

Random Sports or MLB Quiz
Score 0/40 Timer 05:00
10 Plays Today
% Correct
Miami Dolphins
94.8%
Pittsburgh Penguins
93.8%
Atlanta Hawks
93.4%
Kansas City Chiefs
93.3%
Atlanta Falcons
93.1%
San Antonio Spurs
92.8%
Cleveland Browns
92.7%
Los Angeles Kings
92%
Indiana Pacers
91.8%
Oakland Athletics
91.6%
Minnesota Twins
91.6%
Minnesota Timberwolves
91.5%
San Francisco 49ers
91%
Dallas Cowboys
90.9%
Tennessee Titans
90.8%
Minnesota Vikings
90.4%
Detroit Lions
90.2%
Texas Rangers
89.8%
Portland Trail Blazers
88.2%
Milwaukee Brewers
88.2%
% Correct
Baltimore Orioles
87.8%
Chicago Blackhawks
87.5%
Chicago White Sox
87.1%
Orlando Magic
86.7%
Detroit Pistons
85.4%
Edmonton Oilers
84.8%
Detroit Tigers
83.9%
St. Louis Cardinals
83.2%
Dallas Mavericks
83.2%
Calgary Flames
82.5%
Philadelphia Phillies
81.2%
Dallas Stars
81.1%
Arizona Coyotes
80.7%
Toronto Maple Leafs
80.7%
St. Louis Blues
73.6%
Winnipeg Jets
72.1%
Charlotte Hornets
71.3%
Los Angeles Angels
69.7%
Memphis Grizzlies
65.3%
Indianapolis Colts
38.3%
Remove Ads.
Support Sporcle.
Get the best of Sporcle when you Go Orange. This ad-free experience offers more features, more stats, and more fun while also helping to support Sporcle. Thank you for becoming a member.

You're not logged in!

Compare scores with friends on all Sporcle quizzes.
OR
Log In

Show Comments

Extras

Top Quizzes Today


Score Distribution

Your Account Isn't Verified!

In order to create a playlist on Sporcle, you need to verify the email address you used during registration. Go to your Sporcle Settings to finish the process.

Report this User

Report this user for behavior that violates our Community Guidelines.

Details: